[Event "TUR-chT 1st League"]
[Site "Denizli"]
[Date "2023.07.12"]
[Round "5.82"]
[White "Yener, Cemil"]
[Black "Eldemir, Goksu"]
[Result "1/2-1/2"]
[WhiteElo "1838"]
[BlackElo "1871"]
[PlyCount "87"]
[EventDate "2023.07.09"]
[EventType "team-swiss"]
[EventRounds "9"]
[EventCountry "TUR"]
[SourceTitle "CBM 215 Extra"]
[Source "ChessBase"]
[SourceDate "2023.09.30"]
[SourceVersion "1"]
[SourceVersionDate "2023.09.30"]
[SourceQuality "1"]
[WhiteTeam "Ankara Demirspor"]
[BlackTeam "Doktor Metin Surmeli"]
[WhiteTeamCountry "TUR"]
[BlackTeamCountry "TUR"]

1. d4 d5 2. Nf3 Nf6 3. e3 e6 4. c4 Be7 5. Nc3 0-0 6. Qc2 Nbd7 7. Bd3 dxc4 8. Bxc4 c5 9. 0-0 a6 10. dxc5 Bxc5 11. a3 b5 12. Ba2 Bb7 13. b4 Ba7 14. Bb2 Rc8 15. Qe2 Bb8 16. Rac1 Nb6 17. Rfd1 Qe7 18. Nd2 Qc7 19. Nf1 Nc4 20. Na4 Qc6 21. f3 Ba7 22. Bd4 Bxd4 23. Rxd4 bxa4 24. Rdxc4 Qb6 25. Rxc8 Rxc8 26. Rxc8+ Bxc8 27. Qd2 Bd7 28. Qc3 h6 29. Nd2 Bb5 30. Kf2 Qd6 31. g3 Kf8 32. e4 Nd7 33. Ke3 Ne5 34. Qd4 Ke7 35. h3 Qxd4+ 36. Kxd4 Kd6 37. f4 Nc6+ 38. Ke3 f6 39. Nf3 Bf1 40. h4 e5 41. Nd2 Bb5 42. Nf3 a5 43. bxa5 Nxa5 44. fxe5+ 1/2-1/2

[Event "TUR-chT 2nd League"]
[Site "Konya"]
[Date "2017.07.21"]
[Round "7.7"]
[White "Ataseven, Eren"]
[Black "Yener, Cemil"]
[Result "1-0"]
[WhiteElo "1662"]
[BlackElo "1843"]
[PlyCount "77"]
[EventDate "2017.07.17"]
[EventType "team-swiss"]
[EventRounds "9"]
[EventCountry "TUR"]
[SourceTitle "CBM 179 Extra"]
[Source "ChessBase"]
[SourceDate "2017.08.23"]
[SourceVersion "1"]
[SourceVersionDate "2017.08.23"]
[SourceQuality "1"]
[WhiteTeam "Eskiseh Tasci"]
[BlackTeam "Kahramanmaras DSI "]
[WhiteTeamCountry "TUR"]
[BlackTeamCountry "TUR"]

1. d4 Nf6 2. c4 e6 3. Nc3 Bb4 4. e3 0-0 5. Bd3 c5 6. a3 Bxc3+ 7. bxc3 Nc6 8. Nf3 d6 9. e4 e5 10. d5 Ne7 11. Nh4 Ne8 12. 0-0 Nxd5 13. cxd5 Qxh4 14. f4 Qe7 15. f5 f6 16. Ra2 g5 17. Qh5 Qf7 18. Qh6 Qg7 19. Qh5 Nc7 20. h4 h6 21. Rf3 Bd7 22. hxg5 hxg5 23. Rh3 Be8 24. Qg4 Kf7 25. g3 Rh8 26. Rxh8 Qxh8 27. Rh2 Qg7 28. Qh5+ Ke7 29. Qh7 Qxh7 30. Rxh7+ Bf7 31. Be2 Rf8 32. a4 b6 33. Bh5 Ke8 34. Kf2 a6 35. Ke3 b5 36. a5 Na8 37. Bxf7+ Rxf7 38. Rh8+ Kd7 39. Rxa8 1-0

[Event "Hatay op 7th"]
[Site "Hatay"]
[Date "2016.08.29"]
[Round "5"]
[White "Rahmanov, Shahriyar Teymur Og"]
[Black "Yener, Cemil"]
[Result "1-0"]
[WhiteElo "2332"]
[BlackElo "1853"]
[PlyCount "117"]
[EventDate "2016.08.27"]
[EventType "swiss"]
[EventRounds "9"]
[EventCountry "TUR"]
[SourceTitle "CBM 174 Extra"]
[Source "ChessBase"]
[SourceDate "2016.10.10"]
[SourceVersion "1"]
[SourceVersionDate "2016.10.10"]
[SourceQuality "1"]

1. d4 Nf6 2. Nf3 b6 3. c4 e6 4. a3 d5 5. Nc3 Bb7 6. cxd5 exd5 7. g3 Be7 8. Bg2 0-0 9. 0-0 Nbd7 10. h3 Ne4 11. Qb3 Ndf6 12. Bf4 Nxc3 13. bxc3 Ba6 14. Rfe1 Bc4 15. Qc2 Rc8 16. Ne5 Bb5 17. c4 Be8 18. Red1 c6 19. a4 dxc4 20. Qxc4 Nd5 21. Bd2 f6 22. Nd3 Bf7 23. Qa6 Bd6 24. a5 Qc7 25. e4 Ne7 26. f4 Qb8 27. axb6 axb6 28. Rdb1 Bc7 29. Bb4 Rfe8 30. Bc5 b5 31. Ba7 Qa8 32. Bc5 Qb8 33. Nb4 Bd6 34. Qa7 Qxa7 35. Rxa7 Bxc5 36. dxc5 Kf8 37. e5 fxe5 38. fxe5 Ra8 39. Rd7 Rad8 40. Rd6 Bd5 41. Bxd5 Nxd5 42. Nxc6 Rc8 43. Rxb5 Ne3 44. Rb4 g5 45. Re4 Nd5 46. Nd4 Rxc5 47. Ne6+ Rxe6 48. Rxe6 Kf7 49. Rh6 Nc3 50. Re3 Kg7 51. Rd6 Nb5 52. Rd7+ Kg6 53. g4 Nc7 54. Rd6+ Kg7 55. e6 Ne8 56. Rd7+ Kf6 57. Rxh7 Rc8 58. e7 Kg6 59. Rh8 1-0

[Event "Hatay op 7th"]
[Site "Hatay"]
[Date "2016.08.28"]
[Round "3"]
[White "Aliyev, Elnur Fakhraddin Og"]
[Black "Yener, Cemil"]
[Result "1-0"]
[WhiteElo "2081"]
[BlackElo "1853"]
[PlyCount "119"]
[EventDate "2016.08.27"]
[EventType "swiss"]
[EventRounds "9"]
[EventCountry "TUR"]
[SourceTitle "CBM 174 Extra"]
[Source "ChessBase"]
[SourceDate "2016.10.10"]
[SourceVersion "1"]
[SourceVersionDate "2016.10.10"]
[SourceQuality "1"]

1. d4 Nf6 2. c4 e6 3. g3 d5 4. Bg2 Be7 5. Nf3 0-0 6. 0-0 Nbd7 7. Nc3 c6 8. cxd5 exd5 9. Bf4 Re8 10. Qc2 Bf8 11. Rad1 g6 12. Rfe1 Nh5 13. Bg5 f6 14. Bc1 f5 15. Ng5 Ndf6 16. a3 h6 17. Nf3 Kh7 18. Ne5 Nd7 19. g4 Nxe5 20. gxh5 Ng4 21. hxg6+ Kxg6 22. Bf4 Bd6 23. Bg3 Bxg3 24. hxg3 Qg5 25. Bf3 Nf6 26. Qd2 Bd7 27. Qf4 Qxf4 28. gxf4 Rg8 29. e3 Kh7+ 30. Kf1 Be8 31. Ke2 Bh5 32. Bxh5 Nxh5 33. Na4 Rg2 34. Rg1 Rag8 35. Rxg2 Rxg2 36. Nc5 Rg7 37. Rh1 Nf6 38. Ne6 Re7 39. Ng5+ Kg6 40. Nf3 Ne4 41. Nh4+ Kf6 42. Rg1 Re6 43. Rg8 Nd6 44. Rf8+ Kg7 45. Rd8 Kf6 46. Rd7 a5 47. b3 b6 48. Rh7 Nf7 49. Kd3 Re7 50. f3 Ke6 51. Ng6 Rc7 52. Kd2 Kf6 53. Ne5 c5 54. Nxf7 Rxf7 55. Rxh6+ Kg7 56. Rxb6 cxd4 57. exd4 Kh7 58. Ra6 Rb7 59. Kc3 Rc7+ 60. Kb2 1-0

[Event "TUR-chT"]
[Site "Denizli"]
[Date "2013.07.06"]
[Round "9.5"]
[White "Yener, Cemil"]
[Black "Eminov, Orkhan"]
[Result "0-1"]
[WhiteElo "1944"]
[BlackElo "2249"]
[PlyCount "64"]
[EventDate "2013.06.29"]
[EventType "team-tourn"]
[EventRounds "13"]
[EventCountry "TUR"]
[SourceTitle "CBM 155 Extra"]
[Source "ChessBase"]
[SourceDate "2013.08.26"]
[SourceVersion "1"]
[SourceVersionDate "2013.08.26"]
[SourceQuality "1"]
[WhiteTeam "Ceyhan Belediye"]
[BlackTeam "Calli Spor"]
[WhiteTeamCountry "TUR"]
[BlackTeamCountry "TUR"]

1. d4 Nf6 2. c4 e5 3. dxe5 Ng4 4. Nf3 Bc5 5. e3 Nc6 6. Be2 0-0 7. Nc3 Re8 8. Bd2 Ngxe5 9. a3 Nxf3+ 10. gxf3 d6 11. h4 Bf5 12. b4 Bb6 13. Nd5 Ne5 14. Qb3 c6 15. Nxb6 axb6 16. e4 Qf6 17. Bc3 Be6 18. 0-0-0 Red8 19. Qb2 Qh6+ 20. Bd2 Qh5 21. Bg5 f6 22. f4 Bg4 23. Bxg4 Nxg4 24. Rdg1 fxg5 25. hxg5 Nh2 26. Rg2 Qf3 27. Rgxh2 Rxa3 28. Qxg7+ Kxg7 29. Rxh7+ Kf8 30. Rh8+ Ke7 31. R1h7+ Ke6 32. f5+ Ke5 0-1

[Event "TUR-ch op"]
[Site "Antalya"]
[Date "2008.02.07"]
[Round "7.17"]
[White "Ozturk, Emir"]
[Black "Yener, Cemil"]
[Result "1-0"]
[WhiteElo "2197"]
[BlackElo "1924"]
[PlyCount "81"]
[EventDate "2008.02.04"]
[EventType "swiss"]
[EventRounds "11"]
[EventCountry "TUR"]
[SourceTitle "CBM 122 Extra"]
[Source "ChessBase"]
[SourceDate "2008.03.04"]
[SourceVersion "1"]
[SourceVersionDate "2008.03.04"]
[SourceQuality "1"]

1. d4 Nf6 2. Bg5 g6 3. Bxf6 exf6 4. e3 Bg7 5. g3 0-0 6. Bg2 d5 7. Ne2 c6 8. c4 dxc4 9. 0-0 Be6 10. Na3 Nd7 11. Nf4 Nb6 12. Rc1 Qd7 13. Nxe6 fxe6 14. Nxc4 f5 15. b4 Nd5 16. Bxd5 cxd5 17. Nb2 Rfc8 18. Nd3 b6 19. Qb3 Bf8 20. b5 Bd6 21. Qa4 a5 22. Rc6 Rxc6 23. bxc6 Qc7 24. Rc1 Rb8 25. Qb5 Kf7 26. Kg2 Kf6 27. f3 g5 28. e4 dxe4 29. fxe4 fxe4 30. Nf2 Kg6 31. Nxe4 Be7 32. Qb3 Qc8 33. Qd3 Kg7 34. c7 Rb7 35. Qc3 Kg6 36. Qc6 Kg7 37. a4 h6 38. g4 Kh7 39. Ng3 Kh8 40. d5 Bc5 41. d6 1-0

[Event "Izmir op 5th"]
[Site "Izmir"]
[Date "2006.08.15"]
[Round "6"]
[White "Hamad, Ahmad"]
[Black "Yener, Cemil"]
[Result "1-0"]
[WhiteElo "2277"]
[BlackElo "1868"]
[PlyCount "91"]
[EventDate "2006.09.10"]
[EventType "swiss"]
[EventRounds "10"]
[EventCountry "TUR"]
[SourceTitle "EXT 2007"]
[Source "ChessBase"]
[SourceDate "2006.11.23"]
[SourceVersion "1"]
[SourceVersionDate "2006.11.23"]
[SourceQuality "1"]

1. d4 d5 2. Nc3 e6 3. e4 dxe4 4. Nxe4 Nf6 5. Bd3 Nbd7 6. Qe2 Nxe4 7. Bxe4 Nf6 8. Bxb7 Rb8 9. Bxc8 Qxc8 10. c3 Qb7 11. Nf3 Be7 12. 0-0 0-0 13. b4 Nd5 14. Bd2 Bf6 15. a4 a5 16. b5 c5 17. dxc5 Bxc3 18. Bxc3 Nxc3 19. Qe1 Nd5 20. Qxa5 Nf4 21. c6 Qc8 22. Ra2 e5 23. Nxe5 Qe6 24. Qd2 Qxe5 25. Re1 Qg5 26. g3 Rbe8 27. Rxe8 Rxe8 28. h4 Ne2+ 29. Kg2 Qg4 30. c7 Nd4 31. Qd3 Ne6 32. Qf3 Qc4 33. Rb2 Qxc7 34. b6 Qc1 35. Rb4 Qd2 36. Qe4 Qd6 37. a5 f5 38. Qc4 Kf8 39. Rb5 f4 40. Rd5 Qe7 41. Rf5+ Kg8 42. Rxf4 Kh8 43. Re4 Qb7 44. Kg1 Nc7 45. bxc7 Qb1+ 46. Kh2 1-0

[Event "Izmir op 5th"]
[Site "Izmir"]
[Date "2006.08.11"]
[Round "2"]
[White "Kadimova, Ilaha"]
[Black "Yener, Cemil"]
[Result "1-0"]
[WhiteElo "2330"]
[BlackElo "1868"]
[PlyCount "119"]
[EventDate "2006.09.10"]
[EventType "swiss"]
[EventRounds "10"]
[EventCountry "TUR"]
[SourceTitle "EXT 2007"]
[Source "ChessBase"]
[SourceDate "2006.11.23"]
[SourceVersion "1"]
[SourceVersionDate "2006.11.23"]
[SourceQuality "1"]

1. d4 d5 2. c4 c6 3. Nc3 Nf6 4. e3 e6 5. Nf3 Nbd7 6. Qc2 a6 7. b3 Bd6 8. Be2 0-0 9. 0-0 Re8 10. Bb2 Qe7 11. Rfe1 b5 12. e4 Nxe4 13. Nxe4 dxe4 14. Qxe4 Nf6 15. Qh4 Nd7 16. Qe4 Nf6 17. Qc2 Bb7 18. Bd3 h6 19. c5 Bc7 20. Ne5 Nd7 21. Rac1 Nf8 22. Be4 Rac8 23. Nxc6 Bxc6 24. Bxc6 Bxh2+ 25. Kxh2 Qc7+ 26. Kg1 Qxc6 27. Qc3 f6 28. Qg3 Kf7 29. Rc3 Red8 30. Qg4 Rd5 31. Bc1 h5 32. Qe4 Rf5 33. Bf4 Ng6 34. Qxc6 Rxc6 35. Bd6 Rd5 36. Rce3 Nh4 37. Rxe6 Nf5 38. R6e4 Nxd6 39. cxd6 Rcxd6 40. Re7+ Kg6 41. Ra7 Rxd4 42. Ree7 Rg4 43. Rxg7+ Kf5 44. Rh7 Rd1+ 45. Kh2 Rh4+ 46. Kg3 Rg4+ 47. Kf3 Rd6 48. Rxh5+ Rg5 49. g4+ Kg6 50. Rhh7 f5 51. Rag7+ Kf6 52. Rh6+ Ke5 53. Rxg5 Rxh6 54. Rxf5+ Kd4 55. g5 Rg6 56. Kg4 Re6 57. Rf6 Re2 58. g6 Rxa2 59. g7 Ra1 60. Rf3 1-0